Normal view
MARC view
Entry Personal Name
001 - CONTROL NUMBER
- control field: 44494
003 - CONTROL NUMBER IDENTIFIER
- control field: dpl
005 - DATE AND TIME OF LATEST TRANSACTION
- control field: 20120329103714.0
008 - FIXED-LENGTH DATA ELEMENTS
- fixed length control field: 120329|||a|||||| | ||| d
040 ## - CATALOGING SOURCE
- Original cataloging agency: dpl
- Transcribing agency: dpl
100 ## - HEADING--PERSONAL NAME
- Personal name: परमार, तारा
670 ## - SOURCE DATA FOUND
- Source citation: Work cat.: (dpl): परमार, तारा, अनुसूचित जातियों के हितों के लिए डॉ. अम्बेडकर की भुमिका /, 1999
670 ## - SOURCE DATA FOUND
- Source citation: Work cat.: (dpl): परमार, तारा, अनुसूचित जातियों के हितों के लिए डॉ. अम्बेडकर की भुमिका /, 1999
